A vendégelégedettség és a teljesítménymutatók közötti kapcsolat vizsgálata egy szálloda példáján keresztül

Bibliográfiai részletek
Szerző: Sipos Péter
További közreműködők: Karakasné Dr. Morvay PhD Klára
Dokumentumtípus: Diplomadolgozat
Kulcsszavak:Vendégelégedettség
szállodai teljesítménymutatók
Kapcsolat
Online Access:http://dolgozattar.uni-bge.hu/20579

MARC

LEADER 00000nta a2200000 i 4500
001 dolg20579
005 20190909134204.0
008 190506suuuu hu om 000 hun d
040 |a BGE Dolgozattár Repozitórium  |b hun 
041 |a hu 
100 1 |a Sipos Péter 
245 1 2 |a A vendégelégedettség és a teljesítménymutatók közötti kapcsolat vizsgálata egy szálloda példáján keresztül  |c Sipos Péter  |h [elektronikus dokumentum] 
246 1 1 |a A vendégelégedettség és a teljesítménymutatók vizsgálata egy szálloda példáján keresztül 
695 |a Vendégelégedettség 
695 |a szállodai teljesítménymutatók 
695 |a Kapcsolat 
700 1 |a Karakasné Dr. Morvay PhD Klára  |e ths 
856 4 0 |u http://dolgozattar.uni-bge.hu/20579/1/Szakdolgozat_Sipos-P%C3%A9ter.pdf  |z Dokumentum-elérés